Використання біблеїзмів у навчально-виховному процесі (Запис № 285349)

МАРК-запис
000 -LEADER
fixed length control field 02625nam a22001577a 4500
041 ## - LANGUAGE CODE
Language code of text/sound track or separate title ukr
080 ## - UNIVERSAL DECIMAL CLASSIFICATION NUMBER
Universal Decimal Classification number 09
090 ## - LOCALLY ASSIGNED LC-TYPE CALL NUMBER (OCLC); LOCAL CALL NUMBER (OCLC)
Local cutter number (OCLC) ; Book number/undivided call number, CALL (RLIN) ХОД
100 ## - MAIN ENTRY--PERSONAL NAME
Personal name Ходзінський, О. В.
245 ## - TITLE STATEMENT
Title Використання біблеїзмів у навчально-виховному процесі
260 ## - PUBLICATION, DISTRIBUTION, ETC. (IMPRINT)
Place of publication, distribution, etc Острог
Name of publisher, distributor, etc КАФ
Date of publication, distribution, etc 2013
300 ## - PHYSICAL DESCRIPTION
Extent 65
520 ## - SUMMARY, ETC.
Summary, etc Вступ.<br/>Розділ І. Біблійні фразеологізми: особливості визначення класифікації та перекладу.<br/>1.1. Визначення та підходи до класифікації фразеологізмів<br/>1.2. Диференційні специфічні ознаки біболійних фразеологізмів у системі фразеологічних одиниць<br/>1.2.1. Системі характеристики бібліїзмів у притчах Нового завіту<br/>1.2.2. Особливості перекладу фразеологічних одиниць<br/>Розділ ІІ. Притчі Нового заповіту як джерело духовності та моралі на уроках англійської мови.<br/>2.1. Особливості виховного процесу на уроках англійської мови у старшій школі<br/>2.2. Виховний аспект вивчення біблійних притч у рамках навчально-виховного процесу на уроках англійської мови<br/>2.3. Біблеїзми як навчально-методичний матеріал на уроках англійської мови<br/>2.4. Використання біблеїзмів на уроках англійської мови у старшій школі<br/>2.5. Зразки вправ на використання біблеїзмів на уроках англійської мови у старшій школі<br/>Розділ ІІІ. Охорона праці та безпекав надзвичайних ситуаціях.<br/>3.1. Загальні положення розслідувань нещасних випадків в закладах освіти<br/>3.2. Повідомлення про нещасні випадки, їх розслідування та облік<br/>3.3. Спеціальне розслідування нещасних випадків у галузях освіти<br/>Висновки.<br/>Список використання літератури.<br/>Додатки.
-- методика, біблеїзми
650 ## - SUBJECT ADDED ENTRY--TOPICAL TERM
Topical term or geographic name as entry element Research Papers
942 ## - ADDED ENTRY ELEMENTS (KOHA)
Koha item type Книги
Фонди
Withdrawn status Lost status Source of classification or shelving scheme Damaged status Not for loan Home library Current library Date acquired Source of acquisition Cost, normal purchase price Total Checkouts Full call number Barcode Date last seen Price effective from Koha item type
    Universal Decimal Classification     ВІЛ - Відділ іноземн. літератури НБ ВІЛ - Відділ іноземн. літератури НБ 12/06/2013 Акт №7 1.00   09 215275 09/11/2021 12/06/2013 Книги